000 00417nam a2200169 a 4500
001 0000-8582
003 ELIB.Books
008 110520 1997
035 _a(ELIB.Books)0000-8728
082 _aB.Th
_bMu
100 _aMu Thaw, Naw
245 _aThe Way Home
260 _bInsein: Karen Baptist Theolgical Seminary
_c1997
650 _aThesis
942 _2ddc
_cBK
998 _cbat
_e2011-05-20
999 _c8582
_d8582